000 00350nam a2200145Ia 4500
003 OSt
005 20240318145739.0
008 170523s9999 xx 000 0 und d
020 _a978-9350144350
040 _cIIMT UNIVERSITY MEERUT
100 _aSINGH TARLOK
245 0 _aELECTRICAL MACHINES-1
260 _aS.K. Kataria & Sons
942 _2ddc
_c02
999 _c11930
_d11930